01634pab a2200157 454500008004000000100002300040245007300063260000900136300001600145520111100161650001801272773005101290909001001341999001701351952010801368180718b2004 xxu||||| |||| 00| 0 eng d aWerlin, Herbert H. aThe benefits of globalization: why more for South Korea than Mexico? c2004 ap.1031-059. aThis article examines the arguments for globalization and analyzes Mexico's "inaquiladora experience", which indicates that globalization alone does not bring about a higher standard of living. The primary reason that Mexico has not benefited as much as might be expected from globalization has to do with the poor quality of its governance, referring especially to public administration. This assertion is supported by a comparison of Mexico and South Korea. In explaining South Korea's greater success, Political Elasticity (PE) theory is introduced, suggesting that political power needs to become elastic in two meanings of this word: a "rubber band" meaning (referring to the ability of leaders to delegate power without losing or diminishing it) and "a balloon meaning" (having to do with the ability of leaders to reliably influence the behavior of the general public). Based upon studies of rural and industrial development. South Korea is shown to be more politically elastic than Mexico. This article concludes by examining the lessons that Mexico can learn from Lorea's experience. - Reproduce. aGlobalization aInternational Journal of Public Administration a63805 c63805d63805 00104070aIIPAbIIPAd2018-07-19hVolume no: 27, Issue no: 13-14pAR64255r2018-07-19w2018-07-19yAR